| 000 -LEADER |
| fixed length control field |
00816nam a2200229Ia 4500 |
| 001 - CONTROL NUMBER |
| control field |
15528 |
| 003 - CONTROL NUMBER IDENTIFIER |
| control field |
GE_BSU |
| 008 - FIXED-LENGTH DATA ELEMENTS--GENERAL INFORMATION |
| fixed length control field |
181216s||||||||xx |||||||||||||| ||und|| |
| 040 ## - CATALOGING SOURCE |
| Transcribing agency |
GE_BSU |
| 080 ## - UNIVERSAL DECIMAL CLASSIFICATION NUMBER |
| Universal Decimal Classification number |
821.353.1-31 |
| 100 ## - MAIN ENTRY--PERSONAL NAME |
| Personal name |
ჩიქოვანი,გრიგოლ |
| 245 ## - TITLE STATEMENT |
| Title |
თხზულებები 4 ტომად. თებერვალი დადგაო..მიწა..ტ.2 |
| 245 ## - TITLE STATEMENT |
| Remainder of title |
რომანები. |
| 245 ## - TITLE STATEMENT |
| Statement of responsibility, etc. |
რედ.ლ.თურმანიძე. მხატვ. ა.თოდრია |
| 260 ## - PUBLICATION, DISTRIBUTION, ETC. |
| Place of publication, distribution, etc. |
თბილისი |
| 260 ## - PUBLICATION, DISTRIBUTION, ETC. |
| Name of publisher, distributor, etc. |
მერანი |
| 260 ## - PUBLICATION, DISTRIBUTION, ETC. |
| Date of publication, distribution, etc. |
1983 |
| 300 ## - PHYSICAL DESCRIPTION |
| Extent |
656გვ.პორტრ.21სმ. |
| 653 ## - INDEX TERM--UNCONTROLLED |
| Uncontrolled term |
თებერვალი დადგაო..მიწა. |
| 653 ## - INDEX TERM--UNCONTROLLED |
| Uncontrolled term |
რომანები |
| 942 ## - ADDED ENTRY ELEMENTS (KOHA) |
| Koha item type |
წიგნი |